Statistiques concernant Continent par Superficie - Sprint

Cliquez ici pour prendre le quiz!

Statistiques générales

  • Ce quiz a été pris 233 fois
  • Le résultat moyen est 4 sur 7

Statistiques - réponses

Superficie (en km²)PourcentageContinent% Correct
44 579 00030 %Asie
99%
30 065 00020 %Afrique
95%
24 256 00017 %Amérique du Nord
77%
17 819 00012 %Amérique du Sud
71%
9 938 0007 %Europe
27%
13 209 0009 %Antarctique
23%
7 687 0005 %Océanie
20%

Distribution des résultats

Percentile par nombre de réponses

% des personnes avec chaque résultat

Votre développement - résultats

Vous n’avez pas pris ce quiz